000 00678nam a2200229Ia 4500
005 20250108124933.0
008 008 250107s9999 xx 000 0 eng d
020 _a978-93-83894-13-0
037 _aTB
040 _aCRL
_beng
_cCRL
041 _aeng
_2eng
084 _aO168,1NNIx Q9
084 _qCRL
100 _aAhuja M. L. Au.
245 0 _aGeneral elections in India: electoral politics, electoral reforms and political parties
_cAhuja M. L. Au.
260 _aNew Delhi, India
_bIcon Publications Pvt. Ltd.
_c2739
300 _axvi,660p.
365 _aINR
_b300
650 _aHISTORY
942 _cTB
_hO168,1NNIx Q9
999 _c1235127
_d1235127